000 00741cam a22002534a 4500
008
020 _a0761974423
049 _aMAIN
090 _aRA418
_bGAB
100 1 _aGabe, Jonathan.
245 1 0 _aKey concepts in medical sociology /
_cJonathan Gabe, Mike Bury, and Mary Ann Elston.
260 _aLondon :
_bSage Publications,
_c2004.
300 _axviii, 256 p. ;
_c21 cm.
440 0 _aSAGE key concepts
504 _aIncludes bibliographical references.
650 0 _aSocial medicine.
700 1 _aBury, Michael.
700 1 _aElston, Mary Ann.
907 _a.b10212255
_b06-11-12
_c29-08-06
003
005 20230120203932.0
040 _cNUST
942 _cBOOKS
_kRA418
_mGAB
999 _c114167
_d114167